Ga Document 17 : Toyo Ito : 1970-2001 /
সংরক্ষণ করুন:
| অন্যান্য লেখক: | , |
|---|---|
| বিন্যাস: | গ্রন্থ |
| ভাষা: | স্প্যানিশ |
| প্রকাশিত: |
Tokio, Japón :
A.D.A. Edita,
2001, c2001
|
| বিষয়গুলি: | |
| ট্যাগগুলো: |
কোনো ট্যাগ নেই, প্রথমজন হিসাবে ট্যাগ করুন!
|
MARC
| LEADER | 00000nam^a2200000^a^4500 | ||
|---|---|---|---|
| 001 | 000153947 | ||
| 005 | 20250521000000.0 | ||
| 009 | 20260310100336.835 | ||
| 020 | |a 4-87140-425-0 | ||
| 037 | |a Acervo ITESO - Biblioteca | ||
| 041 | |a ESP | ||
| 082 | |a 720. 5 |b DOC V. 17 | ||
| 240 | 1 | 1 | |a [Ga Document] |
| 240 | 1 | 1 | |a [Global Architecture Document] |
| 245 | 0 | 0 | |a Ga Document 17 : |b Toyo Ito : 1970-2001 / |c Ed. de Y. Futagawa ; texto de H. Hara. |
| 264 | 4 | |a Tokio, Japón : |b A.D.A. Edita, |c 2001, c2001 | |
| 300 | |a 215 p. | ||
| 336 | |a texto |b txt |2 rdacontenido | ||
| 337 | |a sin mediación |b n |2 rdamedio | ||
| 338 | |a volumen |b nc |2 rdasoporte | ||
| 546 | |a Edición bilingüe inglés-japonés | ||
| 585 | |a Exposición DIA 2022-10 / Sendero de crisantemos: una mirada a la cultura japonesa | ||
| 649 | |a XX | ||
| 650 | |a Arquitectura - |x Publicaciones Periódicas Japonesas | ||
| 650 | |a Arquitectos Japoneses | ||
| 650 | |a Artistas Japoneses | ||
| 650 | |a Arquitectura Japonesa - |y 1970-1979 | ||
| 650 | |a Arquitectura Japonesa - |y 1980-1989 | ||
| 650 | |a Arquitectura Japonesa - |y 1990-1999 | ||
| 650 | |a Arquitectura Japonesa - |y Siglo XX | ||
| 650 | |a Arquitectura Japonesa - |x Historia y Crítica | ||
| 650 | |a Arte Japonés - |y 1970-1979 | ||
| 650 | |a Arte Japonés - |y 1980-1989 | ||
| 650 | |a Arte Japonés - |y 1990-1999 | ||
| 650 | |a Arte Japonés - |y Siglo XX | ||
| 650 | |a Arte Japonés - |x Historia y Crítica | ||
| 650 | |a Ito, Toyo | ||
| 700 | |a Futagawa, Yukio |e (edición) | ||
| 700 | |a Hara, Hiroshi |e (texto) | ||
| 700 | |a Futagawa, Yukio |e (edición) | ||
| 700 | |a Hara, Hiroshi |e (texto) | ||
| 910 | |a Fondo General | ||
| 920 | |a Impresos - Libros | ||
| 930 | |a Reserva Especial | ||
| 905 | |a 103 | ||
| 901 | |a 0500085723 |b IT1 |c REE |u 20250521 | ||
| 902 | |a https://opac.biblio.iteso.mx/vufind/Record/000153947 | ||